01187 a2200145 4500003000500000005001700005040000900022082001100031100002100042245002400063260003400087300001300121500087700134538003001011Nust20170207154115.0 cNust a954.94 aSamuel Greenwood aFootsteps of Israel aBostonbA. A. Beauchampc1922 axii: 346 aParadise Lost or the Dream Mate (Page-1) The Woman and The Serpent (Page-14) The Early morning of History (Page-22) The Rise of Israel (Page-30) The Meaning of Israel (Page-41) Joseph and Judah (Page-51) From Hereby to the red Asia (Page-62) The Convents in the wilderness (Page-75) Proving the world of the Lord (Page-88) The Perils of Disobedience (Page-122) The Coming of Prophets and Kings (Page-133) A House Divided (Page-154) The Times of the Gentiles (Page-175) The Convent of Prophecy (Page-185) The Rise Of Christianity (Page-208) The Woman driven to the Wilderness (Page-219) Emerging from Obscurity (Page-232) The Hebrew Scriptures (Page-243) Israel Restoration in Prophecy (Page-251) At The Threshold of fulfillments (Page-263) Anglo Israel The Second Witness (Page-275) A Light to Lighten the Gentiles (Page-329) Paradise Regained or the dream Dis (Page-336) aAlmirah No.63 Shelf No.3